[Event "Jm KP I 23-24 Loko Brno B - Loko Brno A"]
[Site "?"]
[Date "2023.10.22"]
[Round "1.1"]
[White "Buchta, Vaclav"]
[Black "Jires, Jiri"]
[Result "1/2-1/2"]
[WhiteElo "1886"]
[BlackElo "2144"]
[PlyCount "64"]

1. d4 d5 2. c4 dxc4 3. e3 Nf6 4. Bxc4 e6 5. Nf3 c5 6. O-O a6 7. dxc5 Bxc5 8.
Qxd8+ Kxd8 9. a3 b5 10. Be2 Ke7 11. b4 Bd6 12. Bb2 Nbd7 13. Nbd2 Bb7 14. Rac1
Rac8 15. Rfd1 Rhd8 16. Ne1 Ne5 17. Nef3 Nxf3+ 18. Bxf3 $10 18... Bxf3 19. Nxf3
Rxc1 20. Rxc1 Rd7 21. Kf1 Rc7 22. Rxc7+ Bxc7 23. Ke2 g6 24. Be5 Bb6 25. Bd4
Bxd4 26. Nxd4 Kd6 27. f3 Nd7 28. Nb3 Kd5 29. Kd3 Ne5+ 30. Kc3 Nc4 31. e4+ Kc6
32. Nd4+ 32... Kb6 $10 1/2-1/2

[Event "Jm KP I 23-24 Loko Brno B - Loko Brno A"]
[Site "?"]
[Date "2023.10.22"]
[Round "1.2"]
[White "Volak, Simon"]
[Black "Pribyl, Rene"]
[Result "1-0"]
[WhiteElo "2117"]
[BlackElo "1868"]
[PlyCount "139"]

1. d4 d5 2. c4 c6 3. Nc3 Nf6 4. Nf3 e6 5. Qc2 dxc4 6. a4 Bb4 7. Bd2 O-O 8. e3
Bxc3 9. Bxc3 b5 10. b3 cxb3 11. Qxb3 bxa4 12. Qxa4 Nd5 13. Ba5 Nb6 14. Qc2 Bb7
15. Bd3 h6 16. h4 N8d7 17. Bb4 Re8 18. Bh7+ Kh8 19. Ng5 Qf6 20. Bg8 Qf5 21.
Qxf5 exf5 22. Bxf7 Rec8 23. Be6 g6 24. Nf7+ Kg7 25. Nd6 Rcb8 26. h5 Kf6 27. Ba2
Nd5 28. Bxd5 cxd5 29. hxg6 Kxg6 30. Ke2 Bc8 31. Ba5 Nf6 32. Kf3 Ne4 33. Nxe4
fxe4+ 34. Kg3 Bd7 35. Bc7 Re8 36. Ra5 Be6 37. Ra6 h5 38. Rc1 Rac8 39. Rxa7 Re7
40. Rc5 Rh8 41. Ra6 Kf5 42. Be5 Rg8+ 43. Kh2 Rg6 44. Ra8 Rg8 45. Rxg8 Bxg8 46.
Rc8 Bf7 47. Rf8 Kg6 48. Rd8 Kf5 49. Rd6 Be6 50. Kg3 Re8 51. f3 Rg8+ 52. Kf2 Re8
53. Rb6 Re7 54. Kg3 Re8 55. Kh4 Re7 56. Rb8 Bf7 57. Rf8 Kg6 58. fxe4 dxe4 59.
Rh8 Kf5 60. Rh7 Ke6 61. Kg5 Rd7 62. Rh8 Rb7 63. Rd8 Rd7 64. Rc8 Rb7 65. Rc6+
Ke7 66. Kf5 Rb2 67. Rc7+ Ke8 68. g3 Bd5 69. Rc5 Bb7 70. Ke6 1-0

[Event "Jm KP I 23-24 Loko Brno B - Loko Brno A"]
[Site "?"]
[Date "2023.10.22"]
[Round "1.3"]
[White "Vesely, Jaromir"]
[Black "Meduna, Eduard"]
[Result "0-1"]
[WhiteElo "1907"]
[BlackElo "2110"]
[PlyCount "84"]

1. d4 Nf6 2. c4 c5 3. Nf3 cxd4 4. Nxd4 Nc6 5. Nc3 g6 6. e4 d6 7. Be2 Bg7 8. Be3
O-O 9. O-O a6 10. Rc1 e6 11. f4 Re8 12. Bf3 Qc7 13. b3 Bd7 14. Qd2 Rad8 15. g4
Nxd4 16. Bxd4 e5 17. Be3 exf4 18. Bxf4 Bxg4 19. Nd5 Nxd5 20. cxd5 Qd7 21. Bg2
Bh3 22. Rc4 Qg4 23. Bg3 Bxg2 24. Qxg2 Qd7 25. Rfc1 Rc8 26. Qc2 Rxc4 27. Qxc4
Qg4 28. Kf2 Bh6 29. Re1 Bf4 30. Qe2 Bxg3+ 31. hxg3 Qxe2+ 32. Rxe2 Re7 33. Kf3
f5 34. Rc2 fxe4+ 35. Ke3 Kg7 36. Rf2 h5 37. g4 hxg4 38. Rg2 Kf6 39. Rxg4 Kf5
40. Rf4+ Ke5 41. Rg4 Kxd5 42. Rxg6 Kc5 0-1

[Event "Jm KP I 23-24 Loko Brno B - Loko Brno A"]
[Site "?"]
[Date "2023.10.22"]
[Round "1.4"]
[White "Cermak, Jan"]
[Black "Marsa, Alexandr"]
[Result "1-0"]
[WhiteElo "2018"]
[BlackElo "1912"]
[PlyCount "72"]

1. e4 e6 2. d4 d5 3. Nd2 a6 4. c3 c5 5. exd5 Qxd5 6. Ngf3 cxd4 7. Qa4+ Bd7 8.
Qxd4 Qxd4 9. cxd4 Nc6 10. Be2 Nf6 11. O-O Be7 12. Nc4 Rd8 13. Bf4 Bc8 14. Bc7
Nxd4 15. Nxd4 Rxd4 16. Nb6 O-O 17. Bf3 Bd6 18. Rfc1 Bd7 19. Nxd7 Nxd7 20. Bxb7
Bxc7 21. Rxc7 Nb8 22. Rac1 g6 23. g3 Kg7 24. Rc8 Rdd8 25. b4 Kf6 26. f4 Rxc8
27. Rxc8 Rxc8 28. Bxc8 Ke7 29. Kf2 Kd6 30. Bb7 Kc7 31. Bf3 Kb6 32. a4 Nd7 33.
Ke3 a5 34. bxa5+ Kxa5 35. Bc6 Nb6 36. Kd4 f6 1-0

[Event "Jm KP I 23-24 Loko Brno B - Loko Brno A"]
[Site "?"]
[Date "2023.10.22"]
[Round "1.5"]
[White "Perutka, Tomas"]
[Black "Hejny, Jaroslav"]
[Result "0-1"]
[WhiteElo "2002"]
[BlackElo "1738"]
[PlyCount "52"]

1. e4 e5 2. Nc3 Nc6 3. Bc4 Nf6 4. d3 Bc5 5. f4 d6 6. Nf3 O-O 7. Na4 Bb6 8. Nxb6
axb6 9. a3 exf4 10. Bxf4 d5 11. exd5 Re8+ 12. Kd2 Nxd5 13. Bxd5 Qxd5 14. Re1
Bg4 15. h3 Rxe1 16. Kxe1 Re8+ 17. Kf2 Bxf3 18. gxf3 Nd4 19. Be3 Nf5 20. Bd2
Qd4+ 21. Kf1 Qh4 22. f4 Qxh3+ 23. Kg1 Nh4 24. Qf1 Qg3+ 25. Kh1 Nf3 26. Qg2 Qh4+
0-1

[Event "Jm KP I 23-24 Loko Brno B - Loko Brno A"]
[Site "?"]
[Date "2023.10.22"]
[Round "1.6"]
[White "Straka, Vojtech"]
[Black "Lisik, Miroslav"]
[Result "1/2-1/2"]
[WhiteElo "1991"]
[BlackElo "1808"]
[PlyCount "127"]

1. c4 g6 2. Nc3 Bg7 3. g3 c5 4. Bg2 Nc6 5. e3 d6 6. Nge2 e5 7. O-O Nge7 8. a3
O-O 9. Rb1 a5 10. Nb5 Be6 11. d3 Qd7 12. Nec3 Na7 13. b4 Nxb5 14. Nxb5 d5 15.
bxc5 dxc4 16. Nd6 Rab8 17. Nxc4 Bxc4 18. dxc4 Qc7 19. Qd6 Rfc8 20. Rb5 Bf8 21.
Bb2 Nc6 22. Qxc7 Rxc7 23. Rd1 f6 24. f4 a4 25. Rd5 Rd8 26. fxe5 fxe5 27. Rxd8
Nxd8 28. Bxe5 Rxc5 29. Bd5+ Nf7 30. Rxb7 Rxd5 31. cxd5 Nxe5 32. Rb8 Kg7 33. Ra8
Bxa3 34. Rxa4 Bc5 35. Kg2 Kf6 36. e4 Nd7 37. Ra6+ Ke5 38. Kf3 Bd6 39. Ra8 Nf6
40. h4 h5 41. Rc8 Kd4 42. Ra8 Ke5 43. Ra4 Bc5 44. Ra6 Bd6 45. Ra8 Kd4 46. Ra1
Ke5 47. Rd1 Bc5 48. Re1 Bb4 49. Re2 Bc5 50. Rc2 Bd6 51. Rc4 Ba3 52. Ke3 Ng4+
53. Ke2 Nf6 54. Kd3 Bd6 55. Rc8 Ba3 56. Ra8 Bd6 57. Ra2 Bc5 58. Kc4 Bd6 59. Re2
Ba3 60. Re1 Bd6 61. Re3 Ng4 62. Re2 Nf6 63. Kd3 Ba3 64. Ra2 $10 1/2-1/2

[Event "Jm KP I 23-24 Loko Brno B - Loko Brno A"]
[Site "?"]
[Date "2023.10.22"]
[Round "1.7"]
[White "Blazek, Pavel"]
[Black "Dvoracek, Jan"]
[Result "0-1"]
[WhiteElo "1739"]
[BlackElo "1950"]
[PlyCount "100"]

1. e4 d6 2. d4 Nf6 3. Bd3 g6 4. Nf3 Bg7 5. c3 O-O 6. O-O Nbd7 7. Re1 e5 8. d5
h6 9. h3 Nh5 10. Bc2 Qf6 11. Nh2 Nf4 12. Ng4 Qe7 13. Qf3 h5 14. Nh2 Qf6 15. Nd2
Re8 16. Ndf1 Nf8 17. Ng3 Nh7 18. Bxf4 exf4 19. Ne2 Bh6 20. Qd3 Ng5 21. Nd4 Qe7
22. Nhf3 Bg7 23. Nxg5 Qxg5 24. Nf3 Qh6 25. Nh4 Be5 26. Nf3 Bd7 27. Kh1 Kg7 28.
Nxe5 Rxe5 29. c4 g5 30. Qd2 Rg8 31. Rg1 Kf8 32. b4 Qf6 33. Kh2 g4 34. g3 fxg3+
35. fxg3 h4 36. gxh4 Qxh4 37. Rg3 gxh3 38. Rxg8+ Kxg8 39. Rg1+ Kf8 40. c5 Qh5
41. cxd6 cxd6 42. Rg3 Qh4 43. Qe3 Rh5 44. Qxa7 Qxg3+ 45. Kxg3 h2 46. e5 h1=Q
47. Qb8+ Kg7 48. Qxd6 Rh3+ 49. Kf2 Qf3+ 50. Ke1 Qe3+ 0-1

[Event "Jm KP I 23-24 Loko Brno B - Loko Brno A"]
[Site "?"]
[Date "2023.10.22"]
[Round "1.8"]
[White "Wunsch, Radek"]
[Black "Janicek, Lubomir"]
[Result "1-0"]
[WhiteElo "1944"]
[BlackElo "1730"]
[PlyCount "71"]

1. e4 Nf6 2. e5 Nd5 3. d4 d6 4. c4 Nb6 5. f4 dxe5 6. fxe5 c5 7. d5 e6 8. Nc3
exd5 9. cxd5 c4 10. d6 g6 11. Nf3 Bg4 12. Ne4 Bg7 13. Bg5 Qd7 14. Nf6+ Bxf6 15.
Bxf6 Bxf3 16. Qxf3 Rg8 17. Rc1 Nc6 18. Bxc4 Nxc4 19. Rxc4 Rc8 20. O-O Qe6 21.
Rfc1 Kd7 22. Qb3 Rb8 23. Rxc6 bxc6 24. Qa4 Rgc8 25. Qxa7+ Ke8 26. d7+ Qxd7 27.
Qc5 Rb5 28. Qe3 Rd5 29. h3 Rd3 30. Qh6 Qd5 31. Rc2 Qe4 32. Rf2 Kd7 33. Qxh7 Ke6
34. Bh4 Rc7 35. Qh8 Rcd7 36. Qe8+ 1-0

[Event "Jm KP I 23-24 Jezdci C - Duras B"]
[Site "?"]
[Date "2023.10.22"]
[Round "2.1"]
[White "Slepov, Cyril"]
[Black "Vyskocil, Neklan"]
[Result "1/2-1/2"]
[WhiteElo "2062"]
[BlackElo "2303"]
[PlyCount "64"]
[EventDate "2023.??.??"]

1. d4 Nf6 2. c4 e6 3. g3 d5 4. Bg2 Be7 5. Nf3 O-O 6. O-O c6 7. Nc3 Nbd7 8. Qd3
b6 9. e4 Ba6 10. b3 Rc8 11. e5 Ne8 12. Rd1 Nc7 13. a4 c5 14. Nb5 Ra8 15. Bf4
Nxb5 16. axb5 Bb7 17. h4 cxd4 18. Nxd4 Nc5 19. Qe2 a5 20. bxa6 Rxa6 21. Rxa6
Bxa6 22. Qg4 Kh8 23. b4 Bxc4 24. bxc5 Bxc5 25. h5 h6 26. Nxe6 fxe6 27. Qxe6 Qe8
28. Qxe8 Rxe8 29. Bxd5 Rd8 30. Bf3 Rxd1+ 31. Bxd1 b5 32. Bc2 b4 1/2-1/2

[Event "Jm KP I 23-24 Jezdci C - Duras B"]
[Site "?"]
[Date "2023.10.22"]
[Round "2.2"]
[White "Glozar, Petr"]
[Black "Svobodova, Michaela"]
[Result "1-0"]
[WhiteElo "2152"]
[BlackElo "1962"]
[PlyCount "55"]
[EventDate "2023.??.??"]

1. Nf3 d5 2. c4 c6 3. e3 Nf6 4. Qc2 g6 5. b3 Bg7 6. Bb2 Bf5 7. d3 Na6 8. a3 Qd7
9. Nbd2 O-O 10. h3 h5 11. Be2 Rfd8 12. Ne5 Qd6 13. g4 Be6 14. f4 dxc4 15. bxc4
b5 16. gxh5 Nxh5 17. Ne4 Qc7 18. Bxh5 gxh5 19. Qg2 Kf8 20. Rg1 Bg4 21. hxg4
Bxe5 22. Bxe5 Qb6 23. c5 Nxc5 24. gxh5 Nxd3+ 25. Ke2 Ke8 26. Rgd1 b4 27. Qg8+
Kd7 28. Rxd3+ 1-0

[Event "Jm KP I 23-24 Jezdci C - Duras B"]
[Site "?"]
[Date "2023.10.22"]
[Round "2.3"]
[White "Ruzicka, Frantisek"]
[Black "Tikovsky, Alexandr"]
[Result "0-1"]
[WhiteElo "2051"]
[BlackElo "2080"]
[PlyCount "116"]
[EventDate "2023.??.??"]

1. e4 e6 2. d4 d5 3. Nc3 Nc6 4. e5 f6 5. exf6 Nxf6 6. Nf3 Bb4 7. Bd3 O-O 8. O-O
Bd7 9. Bg5 Qe8 10. Bf4 Rc8 11. Ne2 Nh5 12. Bg3 Nxg3 13. Nxg3 e5 14. dxe5 Nxe5
15. Nxe5 Qxe5 16. c3 Bc5 17. Qc2 g6 18. Rae1 Rxf2 19. Rxe5 Rxc2+ 20. Kh1 Rxb2
21. Rxd5 Bd6 22. Ne4 Bc6 23. Rg5 Rf8 24. Rd1 Bf4 25. Rg4 Kg7 26. Nc5 Bd5 27. c4
Bg8 28. Be4 Rd2 29. Rxd2 Bxd2 30. Bf3 b6 31. Nb3 Bc3 32. Re4 Bf7 33. Re3 Bf6
34. c5 Re8 35. Rxe8 Bxe8 36. cxb6 axb6 37. Kg1 c5 38. Kf2 c4 39. Nd2 b5 40. Ke2
c3 41. Nb3 Bf7 42. Kd3 Bc4+ 43. Kc2 Kf7 44. Bc6 b4 45. Be4 Ke7 46. Nc1 Be5 47.
h3 Bd6 48. Nb3 Be5 49. Na5 Bxa2 50. Nc6+ Kd6 51. Nxb4 Bc4 52. Nd3 Bg7 53. Ne1
Bb5 54. Kb3 Ke5 55. Bf3 Kf4 56. Kc2 Ke3 57. Kd1 Kf2 58. Bd5 Be2+ 0-1

[Event "Jm KP I 23-24 Jezdci C - Duras B"]
[Site "?"]
[Date "2023.10.22"]
[Round "2.4"]
[White "Novy, Martin"]
[Black "Ruzicka, Martin"]
[Result "0-1"]
[WhiteElo "2078"]
[BlackElo "1928"]
[PlyCount "68"]
[EventDate "2023.??.??"]

1. d4 c6 2. Nc3 g6 3. e4 Bg7 4. Nf3 d5 5. exd5 cxd5 6. Bf4 a6 7. Be2 Nc6 8. Ne5
Nf6 9. O-O O-O 10. Re1 Qb6 11. Nxc6 Qxc6 12. a4 Bf5 13. Be5 Ne4 14. Nxe4 Bxe5
15. dxe5 Bxe4 16. Bd3 Bxd3 17. Qxd3 e6 18. c3 Rfc8 19. Qd2 Qc5 20. a5 Rc7 21.
g3 Rac8 22. Kg2 Qe7 23. h4 h5 24. Ra4 Rc4 25. Rxc4 Rxc4 26. Re3 Qc7 27. b3 Rc6
28. b4 Rc4 29. Qe1 Qc6 30. Kh2 d4 31. Rd3 dxc3 32. Qc1 c2 33. f3 Rc3 34. Rd8+
Kh7 0-1

[Event "Jm KP I 23-24 Jezdci C - Duras B"]
[Site "?"]
[Date "2023.10.22"]
[Round "2.5"]
[White "Sipek, Oldrich"]
[Black "Kredl, Karel"]
[Result "1/2-1/2"]
[WhiteElo "1908"]
[BlackElo "2076"]
[PlyCount "41"]
[EventDate "2023.??.??"]

1. Nf3 d5 2. d3 c6 3. g3 Bg4 4. Bg2 Nd7 5. O-O Ngf6 6. c4 e6 7. h3 Bh5 8. Nc3
Bc5 9. a3 a5 10. d4 Bd6 11. c5 Bc7 12. Bg5 h6 13. Bd2 O-O 14. g4 Bg6 15. g5
hxg5 16. Bxg5 Qb8 17. Bxf6 Nxf6 18. e3 e5 19. Nxe5 Bxe5 20. dxe5 Qxe5 21. Qd4
1/2-1/2

[Event "Jm KP I 23-24 Jezdci C - Duras B"]
[Site "?"]
[Date "2023.10.22"]
[Round "2.6"]
[White "Tajovsky, Matej"]
[Black "Tioka, Zdenek"]
[Result "1-0"]
[WhiteElo "2066"]
[BlackElo "1926"]
[PlyCount "87"]
[EventDate "2023.??.??"]

1. e4 d6 2. d4 Nf6 3. Nc3 g6 4. f3 Bg7 5. Be3 O-O 6. Qd2 c6 7. O-O-O Nbd7 8.
Bc4 b5 9. Bb3 a5 10. a4 b4 11. Nce2 e5 12. h4 Qe7 13. g4 c5 14. dxe5 Nxe5 15.
Qxd6 Qxd6 16. Rxd6 c4 17. Ba2 Ba6 18. Bd4 Rfe8 19. g5 Nh5 20. f4 Ng4 21. e5 Bf8
22. Rxa6 Rxa6 23. Bxc4 Raa8 24. Nf3 Ng7 25. Rg1 h5 26. gxh6 Nxh6 27. Rxg6 Kh7
28. Rf6 Nh5 29. Ng5+ Kg7 30. Bxf7 Nxf7 31. Rxf7+ Kg8 32. f5 Ra6 33. e6 Bg7 34.
Bxg7 Nxg7 35. Nf4 Rd6 36. f6 Nxe6 37. Nfxe6 Rexe6 38. Rg7+ Kf8 39. Nh7+ Ke8 40.
f7+ Kd7 41. f8=Q+ Kc6 42. Qc8+ Kb6 43. Rb7+ Ka6 44. Qa8# 1-0

[Event "Jm KP I 23-24 Jezdci C - Duras B"]
[Site "?"]
[Date "2023.10.22"]
[Round "2.8"]
[White "Hyrs, Martin"]
[Black "Ulcak, Michael"]
[Result "0-1"]
[WhiteElo "1861"]
[BlackElo "1802"]
[PlyCount "60"]
[EventDate "2023.??.??"]

1. d4 d5 2. Nf3 Nf6 3. Bg5 g6 4. e3 Bg7 5. h3 c5 6. Nbd2 Nc6 7. c3 Qb6 8. b3
Bf5 9. Nh4 Bd7 10. Nhf3 h6 11. Bf4 g5 12. Bh2 Ne4 13. Nxe4 dxe4 14. Nd2 cxd4
15. exd4 Nxd4 16. Nc4 Nf3+ 17. gxf3 Bxc3+ 18. Ke2 exf3+ 19. Kd3 Qd4+ 20. Kc2
Bxa1 21. Qxd4 Bxd4 22. Be5 Bxe5 23. Nxe5 Bf5+ 24. Kb2 O-O 25. Bc4 Rad8 26. Kc3
e6 27. h4 f6 28. Nxf3 Be4 29. Bxe6+ Kg7 30. Rh3 Rd3+ 0-1

[Event "Jm KP I 23-24 Veseli-Letovice"]
[Site "?"]
[Date "2023.10.22"]
[Round "3.1"]
[White "Hudecek, Jan"]
[Black "Havel, Jan"]
[Result "1-0"]
[WhiteElo "2207"]
[BlackElo "1629"]
[PlyCount "55"]

1. d4 Nf6 2. c4 e6 3. g3 d5 4. Bg2 Be7 5. Nf3 O-O 6. Nc3 c6 7. O-O Nbd7 8. Nd2
Qb6 9. e3 c5 10. cxd5 Nxd5 11. Nxd5 exd5 12. Bxd5 cxd4 13. Nc4 Qc5 14. Qxd4 Nf6
15. Qxc5 Bxc5 16. Bf3 Re8 17. b3 Rb8 18. Bb2 Ne4 19. Rfd1 Ng5 20. Bg2 Ne6 21.
Be5 Ra8 22. a3 f6 23. Bd6 Rd8 24. Bxc5 Rxd1+ 25. Rxd1 Nxc5 26. Rd8+ Kf7 27.
Nd6+ Ke7 28. Rxc8 1-0

[Event "Jm KP I 23-24 Veseli-Letovice"]
[Site "?"]
[Date "2023.10.22"]
[Round "3.3"]
[White "Skalka, Jan"]
[Black "Handl, Martin"]
[Result "1-0"]
[WhiteElo "1953"]
[BlackElo "2014"]
[PlyCount "79"]

1. c4 c5 2. g3 Nc6 3. Bg2 g6 4. Nc3 Bg7 5. Nf3 e6 6. d3 Nge7 7. Bg5 d5 8. O-O
h6 9. Bd2 O-O 10. a3 b6 11. Rb1 Bb7 12. Qc1 Kh7 13. b4 cxb4 14. axb4 dxc4 15.
dxc4 Rc8 16. Rd1 Qc7 17. Nb5 Qb8 18. Nd6 Rc7 19. Nxb7 Rxb7 20. b5 Nd8 21. Bb4
Qc8 22. Qa3 Re8 23. Ng5+ hxg5 24. Bxb7 Nxb7 25. Bxe7 Qxc4 26. Bxg5 Nc5 27. Be3
Ne4 28. Qd3 Qa4 29. Bd4 Bxd4 30. Qxd4 Qxd4 31. Rxd4 Nc3 32. Rb2 Re7 33. Rc4 Nd5
34. Rbc2 Kg7 35. e4 Nf6 36. f3 Kf8 37. Rc7 Ke8 38. Rc8+ Kd7 39. R2c7+ Kd6 40.
e5+ 1-0

[Event "Jm KP I 23-24 Veseli-Letovice"]
[Site "?"]
[Date "2023.10.22"]
[Round "3.4"]
[White "Moc, Martin"]
[Black "Vrtal, Jaroslav"]
[Result "1-0"]
[WhiteElo "1935"]
[BlackElo "1970"]
[PlyCount "127"]

1. d4 d5 2. c4 c6 3. Nf3 Nf6 4. e3 e6 5. Bd3 Be7 6. O-O O-O 7. Nc3 Nbd7 8. b3
b6 9. Bb2 Bb7 10. Qe2 dxc4 11. Bxc4 c5 12. Rfd1 a6 13. a4 Qc7 14. Rac1 cxd4 15.
exd4 Qf4 16. d5 e5 17. g3 Qf5 18. Nh4 Qh3 19. Qf1 Qxf1+ 20. Bxf1 Bc5 21. Bg2 g6
22. Nf3 Rfe8 23. Ng5 h6 24. Nge4 Nxe4 25. Nxe4 f5 26. b4 fxe4 27. bxc5 Nxc5 28.
Ba3 Nd3 29. Rc7 Rab8 30. Bxe4 Nc5 31. Bxc5 bxc5 32. Rb1 Ba8 33. Rxb8 Rxb8 34.
Rxc5 Rd8 35. Kf1 Kf7 36. Ke2 Ke7 37. Rc7+ Kf6 38. Ra7 Bxd5 39. Rxa6+ Kg7 40.
Rxg6+ Kf7 41. Rg4 Bb3 42. Bd3 h5 43. Rb4 Bd1+ 44. Ke3 Ra8 45. Bb5 Kf6 46. f4
exf4+ 47. Rxf4+ Kg5 48. Kd2 Bg4 49. Kc3 h4 50. Kb4 Rb8 51. Rd4 hxg3 52. hxg3
Bf3 53. Kc5 Rc8+ 54. Kb6 Rc3 55. Rd8 Be4 56. Rg8+ Kf6 57. a5 Bd5 58. Rd8 Ke5
59. g4 Be6 60. a6 Bxg4 61. Bc6 Bf3 62. Bxf3 Rxf3 63. a7 Rb3+ 64. Kc5 1-0

[Event "Jm KP I 23-24 Veseli-Letovice"]
[Site "?"]
[Date "2023.10.22"]
[Round "3.5"]
[White "Krizek, Frantisek"]
[Black "Moc, Roman"]
[Result "1/2-1/2"]
[WhiteElo "1950"]
[BlackElo "1911"]
[PlyCount "52"]

1. c4 e5 2. Nc3 Nc6 3. Nf3 g6 4. d4 exd4 5. Nxd4 Bg7 6. Nxc6 bxc6 7. e4 d6 8.
Qa4 Bd7 9. c5 Ne7 10. Be3 O-O 11. Rd1 Nc8 12. Bd4 Qe7 13. Bxg7 Kxg7 14. Qd4+ f6
15. Ba6 Rd8 16. Na4 Rb8 17. O-O Be6 18. Bxc8 Rbxc8 19. b3 Bf7 20. f3 Qe5 21.
cxd6 Qxd4+ 22. Rxd4 Rxd6 23. Rfd1 Rcd8 24. Rxd6 cxd6 25. Kf2 Kf8 26. Rc1 Be8
1/2-1/2

[Event "Jm KP I 23-24 Veseli-Letovice"]
[Site "?"]
[Date "2023.10.22"]
[Round "3.6"]
[White "Jacko, Tomas"]
[Black "Kusalik, Roman"]
[Result "1-0"]
[WhiteElo "2069"]
[BlackElo "2031"]
[PlyCount "53"]

1. d4 Nf6 2. Bf4 g6 3. Nc3 Bg7 4. e4 d6 5. Qd2 c6 6. Nf3 b5 7. Bh6 Bxh6 8. Qxh6
b4 9. Nd1 Nxe4 10. Qg7 Rf8 11. Qxh7 Qa5 12. Bd3 Bf5 13. O-O Nd7 14. Qh4 d5 15.
Ng5 Ndf6 16. f3 Nxg5 17. Qxg5 Bxd3 18. cxd3 Qb6 19. Qe3 e6 20. Nf2 Rh8 21. Qe5
Ke7 22. Ng4 Nd7 23. Qf4 Raf8 24. Rfe1 Qb8 25. Qg5+ Ke8 26. h3 Rh5 27. Rxe6+ 1-0

[Event "Jm KP I 23-24 Veseli-Letovice"]
[Site "?"]
[Date "2023.10.22"]
[Round "3.7"]
[White "Navratil, Josef"]
[Black "Marek, Jiri"]
[Result "1/2-1/2"]
[WhiteElo "1964"]
[BlackElo "1891"]
[PlyCount "29"]

1. b4 a5 2. b5 b6 3. a4 Bb7 4. Nf3 Nf6 5. g3 e5 6. Bg2 Bc5 7. Bb2 d6 8. O-O
Nbd7 9. d3 Qe7 10. Nbd2 O-O-O 11. Nb3 h5 12. e4 Ng4 13. Nxc5 Nxc5 14. Nh4 f6
15. Ng6 1/2-1/2

[Event "Jm KP I 23-24 Veseli-Letovice"]
[Site "?"]
[Date "2023.10.22"]
[Round "3.8"]
[White "Mizak, Jan"]
[Black "Hrabal, Radek"]
[Result "1/2-1/2"]
[WhiteElo "1841"]
[BlackElo "1776"]
[PlyCount "42"]

1. d4 f5 2. Bf4 Nf6 3. e3 g6 4. Nd2 Bg7 5. Ngf3 O-O 6. Bc4+ d5 7. Bd3 e6 8. c3
Nbd7 9. h3 Ne4 10. Qc2 Nxd2 11. Qxd2 c6 12. h4 h5 13. Bd6 Re8 14. O-O-O e5 15.
dxe5 Nxe5 16. Bxe5 Bxe5 17. Nxe5 Rxe5 18. f3 Qe7 19. Rde1 Kg7 20. Re2 Bd7 21.
g3 Re8 1/2-1/2

[Event "Jm KP I 23-24 Lipovec - Rudice"]
[Site "?"]
[Date "2023.10.22"]
[Round "4.1"]
[White "Fojtik, Tomas"]
[Black "Rada, Michal"]
[Result "1/2-1/2"]
[WhiteElo "2054"]
[BlackElo "2094"]
[PlyCount "126"]
[EventDate "2023.??.??"]

1. c4 Nf6 2. Nf3 g6 3. g3 Bg7 4. Bg2 c6 5. O-O O-O 6. Nc3 d5 7. d4 Nbd7 8. b3
dxc4 9. bxc4 Nb6 10. Qd3 Be6 11. Nd2 Qd7 12. Bb2 Rad8 13. e3 Bh3 14. Nf3 Bxg2
15. Kxg2 Qe6 16. Nd2 h5 17. f3 h4 18. Rad1 h3+ 19. Kg1 Bh6 20. Rfe1 Qd7 21.
Nde4 Qe6 22. Nd2 Nbd7 23. Qe2 c5 24. d5 Qa6 25. a3 Bg7 26. e4 Nh5 27. f4 e6 28.
e5 exd5 29. cxd5 c4 30. Nxc4 Nc5 31. Nd6 Rxd6 32. exd6 Qxd6 33. Nb5 Qb6 34. Bd4
Bxd4+ 35. Nxd4 Nf6 36. Qb5 Qd6 37. Nb3 Nce4 38. Qb4 Qxb4 39. axb4 Nc3 40. Ra1
Nfxd5 41. Rxa7 Nxb4 42. Rxb7 Nbd5 43. Nd4 Ra8 44. Rb2 Kg7 45. Nf3 f6 46. Kf2
Ra4 47. Ng1 Rd4 48. Nxh3 Nd1+ 49. Rxd1 Rxd1 50. Ng1 Ne3 51. Re2 Rf1+ 52. Kxe3
Rxg1 53. Kf3 f5 54. Rb2 Ra1 55. Kg2 Kh6 56. Kh3 Ra3 57. Kh4 Ra4 58. Kh3 Ra3 59.
Kg2 Rc3 60. h3 Ra3 61. g4 fxg4 62. hxg4 Rc3 63. Rf2 Ra3 1/2-1/2

[Event "Jm KP I 23-24 Lipovec - Rudice"]
[Site "?"]
[Date "2023.10.22"]
[Round "4.2"]
[White "Bohacek, Milan"]
[Black "Pernicova, Tana"]
[Result "1/2-1/2"]
[WhiteElo "2014"]
[BlackElo "2024"]
[PlyCount "75"]
[EventDate "2023.??.??"]

1. b3 d5 2. Bb2 Bf5 3. e3 e6 4. Nf3 Nf6 5. Bb5+ c6 6. Be2 Nbd7 7. Nh4 Bg6 8.
Nxg6 hxg6 9. d3 Bd6 10. g3 Qe7 11. Nd2 e5 12. Bf3 Nc5 13. Qe2 O-O-O 14. O-O-O
Na6 15. h4 Nd7 16. Bg2 Ba3 17. Rhe1 Nc7 18. Nb1 Bxb2+ 19. Kxb2 Qb4 20. a3 Qb6
21. Nc3 d4 22. Ne4 Nc5 23. Nxc5 Qxc5 24. Qd2 Nb5 25. Ra1 g5 26. a4 Nc7 27. hxg5
Rh2 28. Be4 Na6 29. Re2 Rxf2 30. Rxf2 dxe3 31. Qc3 exf2 32. Rf1 b6 33. Qxc5
Nxc5 34. Rxf2 Nxe4 35. dxe4 Rd7 36. Rf3 Kd8 37. Rd3 Ke7 38. Kc3 1/2-1/2

[Event "Jm KP I 23-24 Lipovec - Rudice"]
[Site "?"]
[Date "2023.10.22"]
[Round "4.4"]
[White "Hnilicka, Michal"]
[Black "Balaz, Frantisek"]
[Result "0-1"]
[WhiteElo "1843"]
[BlackElo "1917"]
[PlyCount "63"]

1. e4 g6 2. d4 Bg7 3. Bf4 e6 4. e5 d5 5. Bd3 c5 6. c3 Nc6 7. Nf3 Qb6 8. O-O Bd7
9. a4 cxd4 10. Re1 dxc3 11. Nxc3 a6 12. Rb1 Nge7 13. b4 Nxb4 14. Be3 Qa5 15.
Bf1 Nec6 16. Bd2 Qc7 17. Qb3 O-O 18. Be3 Nxe5 19. Rec1 Nxf3+ 20. gxf3 d4 21.
Ne4 Qe5 22. Bg5 a5 23. Rc5 Nd5 24. Qxb7 Bxa4 25. Bb5 Rfb8 26. Qc6 h6 27. Bh4
Qf5 28. Nd2 Bxb5 29. Rbxb5 Rf8 30. Rxa5 Rxa5 31. Rxa5 Qd3 32. Ra2 0-1

[Event "Jm KP I 23-24 Lipovec - Rudice"]
[Site "?"]
[Date "2023.10.22"]
[Round "4.3"]
[White "Pokladnik, Martiin"]
[Black "Matzner, Radomil"]
[Result "1-0"]
[WhiteElo "1983"]
[BlackElo "1756"]
[PlyCount "75"]

1. e4 c5 2. Nf3 Nc6 3. d4 cxd4 4. Nxd4 e5 5. Nb5 d6 6. N1c3 a6 7. Na3 Nf6 8.
Bg5 Be7 9. Bxf6 Bxf6 10. Nc4 Nd4 11. Nd5 b5 12. Ncb6 Rb8 13. Nxc8 Rxc8 14. c3
Nc6 15. a4 O-O 16. axb5 axb5 17. Bxb5 Bh4 18. Bxc6 Rxc6 19. O-O f5 20. Ne3 Kh8
21. Nxf5 Rxf5 22. exf5 d5 23. Ra7 h6 24. Qa4 Rc4 25. Qd7 Qxd7 26. Rxd7 d4 27.
cxd4 exd4 28. g3 Bf6 29. Re1 Rc5 30. g4 Rb5 31. Re8+ Kh7 32. Rf8 Rb6 33. b4 h5
34. h3 Kh6 35. f4 g5 36. Rxf6+ Rxf6 37. h4 hxg4 38. fxg5+ 1-0

[Event "Jm KP I 23-24 Lipovec - Rudice"]
[Site "?"]
[Date "2023.10.22"]
[Round "4.5"]
[White "Krejci, Petr"]
[Black "Saida, Jan"]
[Result "1-0"]
[WhiteElo "1799"]
[BlackElo "1805"]
[PlyCount "59"]

1. e4 e6 2. d4 d5 3. e5 c5 4. Nc3 Nc6 5. Nf3 Qb6 6. Na4 Qa5+ 7. c3 cxd4 8. b4
Qc7 9. cxd4 Bxb4+ 10. Bd2 Qa5 11. Bd3 Nxd4 12. Nxd4 Bd7 13. Nb2 Rc8 14. Nb3 Qa3
15. O-O Qxb2 16. Bxb4 Qxe5 17. Rc1 Ne7 18. Rxc8+ Nxc8 19. Qc2 Qf4 20. Ba3 f5
21. Nc5 Ne7 22. Nxb7 Qa4 23. Qc5 Nc8 24. Nd6+ Nxd6 25. Qxd6 Kf7 26. Qe7+ Kg6
27. Bb2 d4 28. Qd6 Re8 29. Bxd4 Qc6 30. Qg3+ 1-0

[Event "Jm KP I 23-24 Lipovec - Rudice"]
[Site "?"]
[Date "2023.10.22"]
[Round "4.8"]
[White "Toulec, Richard"]
[Black "Hubeny, Pavel"]
[Result "1/2-1/2"]
[WhiteElo "1703"]
[BlackElo "1703"]
[PlyCount "72"]

1. d4 f5 2. Nf3 Nf6 3. Bg5 e6 4. e3 Be7 5. Bd3 b6 6. Nbd2 d5 7. Ne5 O-O 8. Ndf3
Bd7 9. c3 Be8 10. Qc2 Bh5 11. h3 Bxf3 12. gxf3 Nfd7 13. Bxe7 Qxe7 14. O-O-O
Nxe5 15. dxe5 Nd7 16. f4 a6 17. Rhg1 c5 18. Qe2 c4 19. Bc2 b5 20. f3 b4 21.
cxb4 Qxb4 22. Qd2 Qxd2+ 23. Rxd2 Nb6 24. Rdg2 Ra7 25. h4 Rc8 26. Kb1 Rf8 27.
Rd1 a5 28. Rf2 a4 29. a3 Rc7 30. Ka1 c3 31. Bd3 Rfc8 32. Ba6 Ra8 33. Bd3 Ra5
34. Rc2 Rac5 35. Rdc1 cxb2+ 36. Kxb2 Nc4+ 1/2-1/2

[Event "Jm KP I 23-24 Lipovec - Rudice"]
[Site "?"]
[Date "2023.10.22"]
[Round "4.6"]
[White "Matuska, Jan"]
[Black "Sekanina, Jiri"]
[Result "1-0"]
[WhiteElo "1748"]
[BlackElo "1949"]
[PlyCount "45"]

1. e4 c5 2. Nf3 Nc6 3. Bb5 g6 4. O-O Bg7 5. c3 Nf6 6. Re1 O-O 7. d4 d5 8. exd5
Qxd5 9. Bxc6 Qxc6 10. h3 Be6 11. Be3 Rad8 12. Nbd2 Nd5 13. Bg5 h6 14. Bh4 Nf4
15. Bxe7 cxd4 16. Bxd8 dxc3 17. Ne4 cxb2 18. Rb1 Bf5 19. Nd4 Rxd8 20. Nxc6 Rxd1
21. Ne7+ Kf8 22. Rbxd1 Kxe7 23. Nc5+ 1-0